00274nam a2200085Ia 4500008004100000100001700041245009800058650001700156700001500173220216s9999 xx 000 0 und d aAo Shuochang 0aExploration of the high yield physiological regulation of Hevea brasiliensis in Xishuangbanna aRubber yield aGuo Yagang